Záznamy času : ze sbírky Památníku národního písemnictví v Praze = Records of time : from the collection of the Museum of Czech Literature /

Bibliographic Details
Corporate Author: Památník národního písemnictví (Prague, Czech Republic)
Other Authors: Macurová, Naděžda
Format: Book
Language:Czech
English
Language Notes:Czech and English.
Published: Praha : Památník národního písemnictví, 2003.
Subjects:

MARC

Tag First Indicator Second Indicator Subfields
LEADER 00000cam a2200000 a 4500
001 in00002209921
005 20151104123910.0
008 030913s2003 xr ac b 000 0 cze c
010 |a  2003372832 
019 |a 56346504 
020 |a 8085085623 
020 |a 9788085085624 
035 |a (OCoLC)ocm53861395 
040 |a YUS  |c YUS  |d DLC  |d LGP  |d TXA  |d UtOrBLW 
041 0 |a cze  |a eng 
042 |a pcc 
043 |a e-xr--- 
049 |a TXAM 
050 0 0 |a PG5000.16  |b .P36 2003 
080 |a 069 
110 2 |a Památník národního písemnictví (Prague, Czech Republic) 
245 1 0 |a Záznamy času :  |b ze sbírky Památníku národního písemnictví v Praze = Records of time : from the collection of the Museum of Czech Literature /  |c [na publikaci spolupracovali ... Naděžda Macurová (editorka) and others]. 
246 3 1 |a Records of time 
264 1 |a Praha :  |b Památník národního písemnictví,  |c 2003. 
300 |a 160 pages :  |b illustrations (some color), portraits ;  |c 26 cm. 
336 |a text  |b txt  |2 rdacontent 
337 |a unmediated  |b n  |2 rdamedia 
338 |a volume  |b nc  |2 rdacarrier 
500 |a "Jubilejní výstava, 30.5.-31.10.2003 v letohrádku Hvězda"--Colophon. 
546 |a Czech and English. 
610 2 0 |a Památník národního písemnictví (Prague, Czech Republic)  |v Exhibitions. 
650 0 |a Czech literature  |v Bibliography  |v Exhibitions. 
610 2 4 |a Památník národního písemnictví. 
650 4 |a Muzea. Muzeologie. Muzejnictví. Výstavy. 
650 0 4 |a museums  |z Czech Republic. 
650 0 4 |a museums  |x history. 
700 1 |a Macurová, Naděžda. 
948 |a cataloged  |b h  |c 2007/1/19  |d c  |e spoltoratski  |f 8:58:02 am 
994 |a C0  |b TXA 
999 |a MARS 
999 f f |s 570baa1f-a83b-351e-a660-569337911cb7  |i fb439ca8-fc9c-3153-8c1c-f96dac5b050a  |t 0 
952 f f |p ric  |a Texas A&M University  |b Rellis Campus  |c Joint Library Facility  |d Remote Storage  |t 0  |e PG5000.16 .P36 2003  |h Library of Congress classification  |i unmediated -- volume  |m A14835131443 
998 f f |a PG5000.16 .P36 2003  |t 0  |l Remote Storage